000
00215nam a2200097 a 4500
008
111125s2007|||| d
245
1
0
_a
Mista Zakarpatia
260
_a
Užhorod
_c
2007
020
_c
100
044
_a
xo
_c
SK
999
_c
19884
_d
19884